01064naa#a2200193#i#4500001001600000005001700016011001400033100004100047101000800088102000700096200015200103210030700255215001000562608004500572675007800617686009900695700005200794856002400846RU\\bibl\12164720260515085811.5##a0536-101X##a20251226b2025####ek#y0rusy0150####ca0#aRUS##aRU1#aОбоснование принципа построения высокоширотной гиростанцииeЖурнальная статья1#aМоскваcФедеральное государственное бюджетное образовательное учреждение высшего образования "Московский государственный университет геодезии и картографии"d2025##a9 с.##aЖурнальная статья2local##aИзмерения. Измерительные приборы. 52.08zRUS##aПриборы для измерения механических величин. 59.312grnti#1aКаверинgАлексей Павлович4#amiigaik.editorum.ru